| 000 | 00994nam a2200253 u 4500 | ||
|---|---|---|---|
| 001 | 000003060 | ||
| 005 | 20200929150323.0 | ||
| 008 | 090706s1985 dr a r 001 0 spa d | ||
| 040 |
_aDO-SdBNP _bspa _cBNPHU |
||
| 082 |
_a333.79 _bG633p |
||
| 100 | 1 |
_aGómez, Carmen _99663 |
|
| 245 | 1 | 0 |
_aPoblación y energía en la República Dominicana 1990-2000 / _cCarmen Gómez, Antonio Tatis. |
| 260 |
_aSanto Domingo : _bInstituto de Estudios de Población y Desarrollo, _c1985. |
||
| 300 |
_a85 p. : _bil. ; _c27 cm. |
||
| 490 | 0 |
_aEstudio _v4 |
|
| 500 | _aIncluye notas al pie de las paginas | ||
| 504 | _aIncluye bibliografía (p.85 -86) | ||
| 505 | 0 | _aIncluye índice | |
| 650 | 4 |
_aDemanda de energía eléctrica _zRepública Dominicana _xEstadisticas _99664 |
|
| 650 | 4 |
_aProducción de energía eléctrica _zRepública Dominicana _xEstadisticas _99665 |
|
| 650 | 4 |
_aRecursos energéticos _zRepública Dominicana _xEstadisticas _99666 |
|
| 700 | 1 |
_aTatis, Antonio _99667 |
|
| 830 | 0 |
_aEstudio _n4 _99668 |
|
| 999 |
_c2891 _d2891 |
||